000 00648nam a2200229 a 4500
001 65687
003 BD-RJUL
005 20211209081443.0
008 170309s1949 enka 000 0 eng d
035 _a(BD-RJUL) 65817
040 _aDLC
_cIAY
_dBD-RJUL
_beng
041 _aeng
082 _a796.343
_223
_bHAS 1949
100 1 _aHankinson, J. T.
_q(John Trevor)
_9194290
245 0 0 _aSquash rackets /
_cJ. T. Hankinson
260 _aLondon :
_bAllen & Unwin,
_c1949
300 _a48 p. :
_bill. ;
_c22 cm
650 0 _aSquash (Game)
_9194291
700 _qPhotos. taken by Y. E. S. Kirkpatrick
_9194292
942 _2ddc
_cBK
999 _c65687
_d65687